000 00735nam a2200205 a 4500
001 000017478
005 20260306091826.0
008 100325s1950 dr a r 001 0 spa d
040 _aDO-SdBNP
_bspa
_cBNPHU
082 _a863.6
_bG216a
100 1 _aGarcía Rodríguez, José María
_d1912-1984
_938195
245 1 0 _aAmor novelesco /
_cJosé María García Rodríguez ; prólogo Franklin Mieses Burgos.
260 _aCiudad Trujillo, República Dominicana :
_bMontalvo,
_c1950.
300 _a185 p. ;
_c25 cm.
590 _aInventariado, 2019/BT
650 4 _aNovela española
_91123
650 4 _aLiteratura española
_9632
700 1 _aMieses Burgos, Franklin,
_d1907-1976
_epról.
_91952
910 _aValidado. Control de calidad MFF
999 _c17003
_d17003